000 00802nam a22002057a 4500
999 _c61835
_d61835
005 20240524114526.0
008 240524s2007 enk||||| |||| 00| 0 eng d
020 _a 9781416023579x
080 _a617.5 Y-21
100 _aYeo, Charles J.
_922167
245 _aShackelford's Surgery of the Alimentary Tract :
_bVolume 2 /
_cCharles J. Yeo, Andrew S. Klein, J. H. Pemberton.
250 _aSixth edition.
264 _aPhiladelphia :
_bSaunders,
_c2007.
300 _a2418 p.:
_bill.;
_c29 cm.
653 _aსაჭმლის მომნელებელი ტრაქტის ქირურგია
653 _aმედიცინა
700 _aKlein, S. Andrew
_eავტორი
_922169
700 _aPemberton, J. H.
_eავტორი
_922170
942 _2udc
_cᲬᲘᲒᲜᲘ